[Event "American Continental"]
[Site "Buenos Aires ARG"]
[Date "2005.08.06"]
[Round "1"]
[White "Lucena,L"]
[Black "Liascovich,L"]
[Result "0-1"]
[WhiteElo "2184"]
[BlackElo "2432"]
[EventDate "2005.08.06"]

1. Nf3 Nf6 2. b3 g6 3. Bb2 Bg7 4. c4 O-O 5. g3 d5 6. cxd5 Nxd5 7. Bxg7 Kxg7
8. Bg2 c5 9. O-O Nc6 10. Qc1 Qd6 11. Nc3 b6 12. Nxd5 Qxd5 13. Qb2+ f6 14.
d4 cxd4 15. Nxd4 Qxd4 16. Qxd4 Nxd4 17. Bxa8 Ba6 18. Bg2 e5 19. Kh1 Bxe2
20. Rfc1 Rf7 21. h4 g5 22. Rc3 gxh4 23. gxh4 Bh5 24. Kh2 f5 25. Rc8 f4 26.
Be4 Rd7 27. Rg1+ Kh6 28. Bh1 Bg6 29. Rgc1 f3 30. Rd1 Kh5 31. Rc4 Kg4 32.
Rc3 Be4 33. Re3 Kf4 34. Rde1 Bc6 0-1

[Event "American Continental"]
[Site "Buenos Aires ARG"]
[Date "2005.08.06"]
[Round "1"]
[White "Soppe,G"]
[Black "Goldwaser,C"]
[Result "1-0"]
[WhiteElo "2432"]
[BlackElo "2180"]
[EventDate "2005.08.06"]

1. Nf3 c5 2. c4 Nc6 3. Nc3 g6 4. e3 Bg7 5. d4 cxd4 6. exd4 d6 7. d5 Nb8 8.
h3 Nf6 9. Bd3 O-O 10. O-O Nbd7 11. Bg5 Nc5 12. Bc2 a5 13. Re1 e5 14. dxe6
Bxe6 15. b3 Qb6 16. Rb1 Rfe8 17. Qd2 Nfd7 18. Be3 Qb4 19. Nb5 d5 20. Qxb4
axb4 21. Nc7 Rec8 22. Nxa8 Rxa8 23. cxd5 Bxd5 24. Rbd1 Bxf3 25. gxf3 Bc3
26. Re2 Rxa2 27. Bd3 Rxe2 28. Bxe2 Kf8 29. Rd5 b6 30. Bc4 Ne5 31. Be2 Nxb3
32. Bxb6 Ke7 33. Be3 Ke6 34. Rb5 Kd6 35. f4 Nc6 36. Rb7 Nbd4 37. Bd1 Ke6
38. Kg2 h5 39. Ba4 Na5 40. Rb6+ Kd5 41. Be8 b3 42. Bxf7+ Kc5 43. Rb8 b2 44.
Bxg6 h4 45. Be4 Nc4 46. f5 Nd6 47. Bb1 Kd5 48. f6 Ke6 49. Rf8 Nc6 50. Ba2+
Kf5 51. f7 Nb4 52. Bb1+ Kf6 53. Rc8 1-0

[Event "American Continental"]
[Site "Buenos Aires ARG"]
[Date "2005.08.06"]
[Round "1"]
[White "Bibiloni,J"]
[Black "Leon Hoyos,M"]
[Result "0-1"]
[WhiteElo "2178"]
[BlackElo "2431"]
[EventDate "2005.08.06"]

1. e4 c5 2. c4 g6 3. Nc3 Bg7 4. g3 Nc6 5. Bg2 e6 6. Nge2 Nge7 7. O-O a6 8.
a3 Rb8 9. Rb1 b5 10. cxb5 axb5 11. b4 c4 12. d4 cxd3 13. Qxd3 Ne5 14. Qc2
O-O 15. Bf4 N7c6 16. h4 Qe7 17. Rfd1 Ba6 18. Qb3 h6 19. Rb2 d6 20. Rc2 Rfd8
21. Be3 Ng4 22. Nd4 Nce5 23. Bc1 Rdc8 24. f3 Qa7 25. Kh1 Rc4 26. fxg4 Rxd4
27. Be3 Rxd1+ 28. Nxd1 Qd7 29. Nf2 Rc8 30. Rxc8+ Qxc8 31. a4 bxa4 32. Qxa4
Be2 33. b5 Qe8 34. Qb4 Qxb5 35. Qxd6 Bf3 36. Kh2 Qe2 37. Qd2 Qxd2 38. Bxd2
Nxg4+ 39. Nxg4 Bxg4 40. Be3 Bf8 41. Kg1 Bd6 42. Kf2 h5 43. Bf1 Bd1 44. Bb5
Kf8 45. Bc6 Ke7 46. Bb5 Bb4 47. Bc6 Bc2 48. Kf3 Bb3 49. Bb5 Bd6 50. Be2 Ba4
51. g4 Bc6 52. gxh5 gxh5 53. Bf2 f5 54. Bd3 Kf6 55. Bd4+ Be5 56. Bb6 Bb2
57. Ke3 Bc1+ 58. Kf3 Ke5 59. Bc7+ Kd4 60. Bc2 fxe4+ 61. Kf2 e3+ 62. Kg3 e5
0-1

[Event "American Continental"]
[Site "Buenos Aires ARG"]
[Date "2005.08.06"]
[Round "1"]
[White "Cordova,Em"]
[Black "Alza,A"]
[Result "1-0"]
[WhiteElo "2422"]
[BlackElo "2167"]
[EventDate "2005.08.06"]

1. d4 Nf6 2. c4 e6 3. Nf3 Bb4+ 4. Bd2 c5 5. Bxb4 cxb4 6. a3 bxa3 7. Rxa3
O-O 8. Nc3 d5 9. e3 b6 10. b4 dxc4 11. Bxc4 Bb7 12. b5 Nbd7 13. O-O Qc7 14.
Nd2 e5 15. d5 Nc5 16. Ba2 a5 17. e4 Ne8 18. Bb1 Nd6 19. Qe2 Rac8 20. Ba2
Ba8 21. Nd1 Qd7 22. Rh3 Qe7 23. Ne3 Na4 24. Ndc4 Nxc4 25. Qh5 h6 26. Nxc4
Qg5 27. Qxg5 hxg5 28. Ra3 Nc5 29. Nxb6 Rb8 30. Nxa8 Rxa8 31. f3 Rfb8 32.
Rb1 Nb7 33. Bc4 Nd6 34. Bd3 a4 35. Rb4 Rb7 36. Raxa4 Rxa4 37. Rxa4 Nxb5 38.
Ra8+ Kh7 39. Re8 f6 40. Rd8 Rb6 41. Ra8 Kg6 42. Bf1 Kf7 43. Bxb5 Rxb5 44.
Ra7+ Kg6 45. Kf2 Rb4 46. Ke3 Rd4 47. Ke2 Kh6 48. Ra2 Kg6 49. Rd2 Ra4 50.
Rc2 Rd4 51. Rd2 Ra4 52. Kf2 Kh6 53. Kg3 Kh5 54. Kh3 Kh6 55. Kg4 Kg6 56. Kh3
Kh5 57. g3 Kh6 58. Kg4 Kg6 59. d6 Ra8 60. h4 gxh4 61. gxh4 Kf7 62. h5 Ke6
63. d7 Rd8 64. Rd3 Rxd7 65. Rxd7 Kxd7 66. Kf5 Ke8 67. Kg6 1-0

[Event "American Continental"]
[Site "Buenos Aires ARG"]
[Date "2005.08.06"]
[Round "1"]
[White "Idiarte Borda,J"]
[Black "Zambrana,O"]
[Result "0-1"]
[WhiteElo "2157"]
[BlackElo "2421"]
[EventDate "2005.08.06"]

1. Nf3 Nf6 2. d4 d6 3. g3 g6 4. Bg2 Bg7 5. O-O O-O 6. b3 a5 7. a4 c6 8. Bb2
d5 9. Nbd2 Bf5 10. h3 Na6 11. Rc1 Re8 12. Ne5 Nd7 13. c4 Nb4 14. g4 Be6 15.
Ndf3 f6 16. Nd3 dxc4 17. bxc4 Bf7 18. Qd2 Nb6 19. Nxb4 axb4 20. c5 Nxa4 21.
Qxb4 Nxb2 22. Qxb2 Qd7 23. e3 Be6 24. Ra1 h5 25. gxh5 Bxh3 26. Nh2 Bxg2 27.
Kxg2 gxh5 28. Rxa8 Rxa8 29. Rb1 Qd5+ 30. Nf3 Kh8 31. Rh1 Bh6 32. Rh3 Bxe3
33. Qxb7 Rg8+ 34. Rg3 Bf4 35. Rxg8+ Qxg8+ 36. Kf1 Qc4+ 37. Kg2 Qe6 38. Kf1
Kg7 39. Qb1 h4 40. Nxh4 Qh3+ 41. Ng2 Qh1+ 0-1

[Event "American Continental"]
[Site "Buenos Aires ARG"]
[Date "2005.08.06"]
[Round "1"]
[White "Alzate,D"]
[Black "Zapata,K"]
[Result "1-0"]
[WhiteElo "2415"]
[BlackElo "2156"]
[EventDate "2005.08.06"]

1. e4 d6 2. d4 Nf6 3. f3 g6 4. Be3 Bg7 5. Qd2 c6 6. c4 Nbd7 7. Nc3 O-O 8.
Bd3 e5 9. d5 c5 10. g4 a6 11. Nge2 h5 12. h3 Qc7 13. Bh6 Kh7 14. Bg5 Rh8
15. Ng3 Kg8 16. O-O-O b5 17. cxb5 c4 18. Bc2 axb5 19. Nxb5 Qb6 20. Nc3 h4
21. Nf1 Nc5 22. Be3 Nfd7 23. Kb1 Ba6 24. Rc1 Kh7 25. Ba4 Qb4 26. Bxd7 Nxd7
27. Qf2 Kg8 28. Nd2 Rb8 29. Rc2 Bf6 30. Rhc1 Bd8 31. Nd1 Nb6 32. Nc3 Kg7
33. f4 Nd7 34. Nf3 exf4 35. Bxf4 Bb6 36. Qd2 Ba7 37. g5 Rbe8 38. Rf1 Re7
39. Qh2 Bc5 40. e5 dxe5 41. Nxe5 Nb8 42. Nxf7 Kxf7 43. Bxb8+ Ke8 44. Be5
Rhh7 45. d6 Re6 46. Nd5 Qb7 47. Nf6+ Rxf6 48. Bxf6 Kd7 49. Qe5 Qc6 50. Bg7
Bxd6 51. Rd2 1-0

[Event "American Continental"]
[Site "Buenos Aires ARG"]
[Date "2005.08.06"]
[Round "1"]
[White "Bendana,G"]
[Black "Monier,R"]
[Result "0-1"]
[WhiteElo "2155"]
[BlackElo "2412"]
[EventDate "2005.08.06"]

1. d4 Nf6 2. Nf3 e6 3. Bg5 c5 4. e3 d5 5. c3 Nbd7 6. Nbd2 Be7 7. Bd3 b6 8.
O-O Bb7 9. Ne5 Nxe5 10. dxe5 Nd7 11. Bxe7 Qxe7 12. f4 O-O 13. Bxh7+ Kxh7
14. Qh5+ Kg8 15. Rf3 f6 16. Rh3 Qe8 17. Qh7+ Kf7 18. Rg3 Rg8 19. Nf3 Nf8
20. Qh4 Qe7 21. Qh5+ g6 22. Qh6 f5 23. Rf1 Ke8 24. Nh4 Qf7 25. Rg5 Qg7 26.
Qxg7 Rxg7 27. Rf3 Rd8 28. Kf2 d4 29. exd4 cxd4 30. Rd3 Rh7 31. Nf3 Bxf3 32.
Kxf3 Rxh2 33. Rxd4 Rxd4 34. cxd4 Rh1 35. Ke3 Rb1 0-1

[Event "American Continental"]
[Site "Buenos Aires ARG"]
[Date "2005.08.06"]
[Round "1"]
[White "Bachmann,Ax"]
[Black "Ianovsky,M"]
[Result "1/2-1/2"]
[WhiteElo "2410"]
[BlackElo "2155"]
[EventDate "2005.08.06"]

1. c4 Nf6 2. g3 g6 3. Bg2 Bg7 4. Nc3 O-O 5. d3 c5 6. e4 Nc6 7. Nge2 d6 8.
O-O Bd7 9. h3 Rb8 10. Be3 e5 11. Qd2 Nd4 12. f4 Ne8 13. g4 exf4 14. Nxf4
Nc7 15. Rf2 b5 16. cxb5 Ncxb5 17. Raf1 Nc7 18. b3 Bc6 19. Nce2 Qd7 20. Rc1
Nce6 21. Nxe6 fxe6 22. Rxf8+ Rxf8 23. Nxd4 cxd4 24. Bg5 Be5 25. Bh6 Rc8 26.
Rf1 Bb5 27. h4 Bg7 28. Bxg7 Qxg7 29. a4 Ba6 30. b4 Qe5 31. b5 Bb7 32. Qf2
Qg7 33. Qf6 Qxf6 34. Rxf6 Rc1+ 35. Bf1 Bc8 36. Rf2 e5 37. Rf6 Bxg4 38. Kf2
Bd1 39. a5 Ba4 40. Rxd6 Bxb5 41. Rd5 a6 42. Rxe5 Rc2+ 43. Ke1 Rc1+ 44. Kf2
Rc2+ 45. Ke1 Rc1+ 1/2-1/2

[Event "American Continental"]
[Site "Buenos Aires ARG"]
[Date "2005.08.06"]
[Round "1"]
[White "Tenti,J"]
[Black "Fernandez,D USA"]
[Result "1/2-1/2"]
[WhiteElo "2153"]
[BlackElo "2406"]
[EventDate "2005.08.06"]

1. e4 c5 2. Nf3 Nc6 3. d4 cxd4 4. Nxd4 Nf6 5. Nc3 e5 6. Ndb5 d6 7. Bg5 a6
8. Na3 b5 9. Nd5 Be7 10. Bxf6 Bxf6 11. c3 Bg5 12. Nc2 O-O 13. a4 bxa4 14.
Rxa4 a5 15. Bc4 Kh8 16. Nce3 Rb8 17. Ra2 g6 18. h4 Bxh4 19. g3 Bf6 20. f4
exf4 21. gxf4 Bg7 22. b3 Ne7 23. Rah2 Nxd5 24. Rxh7+ Kg8 25. Nxd5 Re8 26.
Rxg7+ Kxg7 27. Qd4+ f6 28. Nxf6 Qxf6 29. Rh7+ Kxh7 30. Qxf6 Rxe4+ 31. Kd2
Bf5 32. Bd3 d5 1/2-1/2

[Event "American Continental"]
[Site "Buenos Aires ARG"]
[Date "2005.08.06"]
[Round "1"]
[White "Dolezal,C"]
[Black "Duje,R"]
[Result "1/2-1/2"]
[WhiteElo "2402"]
[BlackElo "2146"]
[EventDate "2005.08.06"]

1. e4 c5 2. Nf3 d6 3. c3 Nf6 4. Be2 g6 5. O-O Bg7 6. Re1 O-O 7. Bf1 e5 8.
d4 Nc6 9. dxc5 dxc5 10. Qc2 h6 11. Bb5 Qe7 12. Bxc6 bxc6 13. Qa4 Rd8 14.
Na3 Bg4 15. Nd2 Nh5 16. Nb3 Nf4 17. Bxf4 exf4 18. f3 Be6 19. Nc4 Qg5 20.
Kh1 Rac8 21. Re2 Rd3 22. Rae1 Rcd8 23. Nba5 Qh4 24. Nxc6 Bd7 25. N4a5 Be8
26. e5 c4 27. Nxc4 R8d5 28. N4a5 Rxa5 29. Qxa5 Bxc6 30. Qa6 Re3 31. Rxe3
fxe3 32. Rxe3 Qf4 33. Qe2 Bf8 34. b4 Bd5 35. g3 Qf5 36. c4 Bc6 37. a3 a5
38. c5 axb4 39. axb4 h5 40. Qd3 Qg5 41. Kg1 h4 42. f4 Qg4 43. Qe2 Qe6 44.
Kf2 Qd5 45. Ke1 Qd4 46. Qd2 Qa1+ 47. Ke2 Qh1 48. Kd3 Qd5+ 49. Kc3 Qh1 50.
Kb2 h3 51. Re1 Qf3 52. Re3 Qg4 53. Qd3 Qc8 54. Re1 Qb7 55. Kc3 Bb5 56. Qe4
Qa6 57. Kb2 Bc4 58. Ra1 Qb5 59. Kc3 Be6 60. Qd3 Qb7 61. Rd1 Kg7 62. Ra1 Be7
63. Qe3 Qd5 64. Qd4 Qb3+ 65. Kd2 Bf5 66. Ra7 Qc2+ 67. Ke3 Bg4 68. e6+ Kh7
69. Qd3 Qc1+ 70. Qd2 Qg1+ 71. Qf2 Qc1+ 72. Qd2 1/2-1/2

[Event "American Continental"]
[Site "Buenos Aires ARG"]
[Date "2005.08.06"]
[Round "1"]
[White "Ronco,R"]
[Black "Needleman,A"]
[Result "0-1"]
[WhiteElo "2144"]
[BlackElo "2394"]
[EventDate "2005.08.06"]

1. Nf3 Nf6 2. c4 g6 3. Nc3 Bg7 4. e4 d6 5. d4 Bg4 6. Be2 Bxf3 7. Bxf3 Nbd7
8. O-O O-O 9. Be3 e5 10. d5 Ne8 11. Be2 f5 12. f3 Bf6 13. b4 Bg5 14. Bf2
Bh4 15. g3 Be7 16. Qb3 Kg7 17. Na4 Nef6 18. exf5 gxf5 19. Qc2 a5 20. a3 h5
21. Bd3 e4 22. fxe4 fxe4 23. Bxe4 axb4 24. axb4 Nxe4 25. Qxe4 Ne5 26. Nc5
Nf3+ 27. Qxf3 Rxf3 28. Ne6+ Kg6 29. Nxd8 Rxa1 30. Rxa1 Bxd8 31. Ra8 Rf8 32.
Rc8 Kf5 33. Ra8 Ke4 34. Ra3 Bg5 35. Kg2 b5 36. cxb5 Bd2 37. b6 cxb6 38.
Bxb6 Rb8 39. Ba5 Rb5 40. Rb3 Kd4 41. Kf3 Kc4 42. Rb2 Rxd5 43. Ke2 Bc3 44.
Rc2 Re5+ 45. Kf3 Kd3 46. Rg2 Rf5+ 0-1

[Event "American Continental"]
[Site "Buenos Aires ARG"]
[Date "2005.08.06"]
[Round "1"]
[White "Dos Santos,R"]
[Black "Bustamante,O"]
[Result "1/2-1/2"]
[WhiteElo "2393"]
[BlackElo "2141"]
[EventDate "2005.08.06"]

1. d4 d5 2. c4 e6 3. Nc3 c5 4. cxd5 exd5 5. Nf3 Nc6 6. e3 Nf6 7. Be2 c4 8.
O-O Bb4 9. Ne5 O-O 10. Qc2 Re8 11. Nxc6 bxc6 12. b3 cxb3 13. axb3 Bd6 14.
Ba3 Bb8 15. Rfc1 Ng4 16. Bxg4 Bxg4 17. Ne2 Re6 18. h3 Bh5 19. Nf4 Bxf4 20.
exf4 Qh4 21. Re1 Rae8 22. Re5 f6 23. Rxe6 Rxe6 24. Qf5 Bf7 25. Bc5 Re8 26.
g3 Qh6 27. Rxa7 Be6 28. Qd3 Bxh3 29. Re7 Rxe7 30. Bxe7 Qh5 31. f3 Qe8 32.
Bb4 g6 33. Kf2 Qb8 34. Bc5 Qe8 35. g4 h5 36. Kg3 Qe1+ 37. Kh2 f5 38. Kxh3
Qh1+ 39. Kg3 Qg1+ 40. Kh3 Qh1+ 41. Kg3 h4+ 42. Kf2 Qh2+ 43. Ke1 h3 44. Qe3
Qg3+ 45. Qf2 Qxf4 46. Qe2 h2 47. Qe8+ Kh7 48. Qf7+ Kh8 49. Qe8+ Kh7 50.
Qf7+ Kh8 51. Qf6+ Kh7 1/2-1/2

[Event "American Continental"]
[Site "Buenos Aires ARG"]
[Date "2005.08.06"]
[Round "1"]
[White "Parrilli,F"]
[Black "Claverie,R"]
[Result "0-1"]
[WhiteElo "2140"]
[BlackElo "2388"]
[EventDate "2005.08.06"]

1. e4 e6 2. d4 d5 3. Nd2 dxe4 4. Nxe4 Nf6 5. Nxf6+ gxf6 6. Nf3 Nc6 7. Be3
b6 8. g3 Qd7 9. Bg2 Ba6 10. c3 Rd8 11. Qa4 Bb7 12. O-O Na5 13. Qc2 Bd5 14.
Bf4 b5 15. Rfe1 h5 16. Nh4 Bxg2 17. Nxg2 Nc4 18. b3 Nb6 19. Rad1 Qc6 20. h4
Bb4 21. Rxe6+ fxe6 22. Qg6+ Kd7 23. cxb4 Nd5 24. Rc1 Qb6 25. Rc5 Kc8 26.
Qc2 Nxf4 27. Nxf4 Rxd4 28. Rxc7+ Qxc7 29. Qxc7+ Kxc7 30. Nxe6+ Kd7 31. Nxd4
a6 32. Kg2 Kd6 33. Kf3 Kd5 34. Nf5 Ke5 35. Ne3 Rd8 36. Ke2 Rd4 37. Nc2 Rg4
38. Ne1 Re4+ 39. Kd2 Kf5 40. Nd3 Kg4 41. a3 Kf3 42. Nc5 Rd4+ 43. Kc3 Rd6
44. a4 f5 45. a5 Kxf2 46. Nb7 Rg6 47. Kd4 Kxg3 0-1

[Event "American Continental"]
[Site "Buenos Aires ARG"]
[Date "2005.08.06"]
[Round "1"]
[White "Real de Azua,E"]
[Black "Borda,A"]
[Result "1-0"]
[WhiteElo "2386"]
[BlackElo "2131"]
[EventDate "2005.08.06"]

1. e4 e5 2. Nf3 d6 3. d4 Nd7 4. Bc4 c6 5. O-O Be7 6. dxe5 dxe5 7. Ng5 Bxg5
8. Qh5 Qf6 9. Bxg5 Qg6 10. Qxg6 hxg6 11. Nd2 Ngf6 12. f3 Nc5 13. Be3 Ne6
14. Rfd1 Bd7 15. Bf1 Nd4 16. Bxd4 exd4 17. Nb3 c5 18. Nxc5 Bc6 19. Nb3 Ke7
20. Nxd4 Bd7 21. c4 Rh6 22. c5 a6 23. Rac1 g5 24. c6 bxc6 25. Nxc6+ Ke8 26.
Ne5 Be6 27. Bc4 g4 28. Bxe6 fxe6 29. Nxg4 Nxg4 30. fxg4 Rg6 31. h3 Rg5 32.
Rc7 Rb8 33. b3 Rb4 34. Rdd7 Rxe4 35. Rxg7 Rxg7 36. Rxg7 Re2 37. a4 e5 38.
Ra7 e4 39. Kf1 1-0

[Event "American Continental"]
[Site "Buenos Aires ARG"]
[Date "2005.08.06"]
[Round "1"]
[White "Malajovich,S"]
[Black "Castro,O"]
[Result "1/2-1/2"]
[WhiteElo "2126"]
[BlackElo "2385"]
[EventDate "2005.08.06"]

1. d4 f5 2. c4 Nf6 3. Nf3 e6 4. g3 d5 5. Bg2 Bd6 6. b3 c6 7. O-O Qe7 8. Bb2
O-O 9. Ne1 b6 10. Nd3 Nbd7 11. Nd2 Bb7 12. Rc1 Rac8 13. Nf3 Ne4 14. Nfe5 c5
15. Nxd7 Qxd7 16. cxd5 exd5 17. dxc5 bxc5 18. e3 Rfd8 19. Qh5 d4 20. Rfd1
dxe3 21. fxe3 Qe6 22. Nf4 Bxf4 23. exf4 Qb6 24. Rc4 Rxd1+ 25. Qxd1 Rd8 26.
Qh5 Ba6 27. Bxe4 fxe4 28. Rxe4 c4+ 29. Bd4 Qb5 30. Qg4 Qd7 31. f5 cxb3 32.
axb3 Bb7 33. Rf4 Qc7 34. f6 Rd7 35. fxg7 Rf7 36. Rxf7 Qxf7 37. Qf4 Qxf4 38.
gxf4 a5 39. Bc3 Bd5 40. Bxa5 Bxb3 41. Bc3 Bc2 42. Kf2 Kf7 43. Kg3 Bf5 44.
Kh4 Bc2 45. Kg5 Bd3 46. h4 Bc2 47. h5 Bd3 48. f5 Bc2 49. g8=Q+ Kxg8 50. Kf6
Bd1 51. h6 Bb3 1/2-1/2

[Event "American Continental"]
[Site "Buenos Aires ARG"]
[Date "2005.08.06"]
[Round "1"]
[White "Labollita,M"]
[Black "Fedrizzi,A"]
[Result "1-0"]
[WhiteElo "2383"]
[BlackElo "2119"]
[EventDate "2005.08.06"]

1. Nf3 Nf6 2. c4 e6 3. Nc3 d5 4. d4 Nbd7 5. Bf4 c6 6. e3 Be7 7. h3 O-O 8.
Qc2 b6 9. Bd3 Bb7 10. O-O Rc8 11. e4 dxe4 12. Nxe4 c5 13. Rad1 cxd4 14.
Nxd4 Bxe4 15. Bxe4 Nxe4 16. Qxe4 Bc5 17. Nc6 Qe8 18. Nxa7 Ra8 19. Qb7 Nf6
20. b3 Ne4 21. Qxe4 Rxa7 22. a4 Qe7 23. Rd3 Qh4 24. Qf3 Qf6 25. Qg3 Qf5 26.
Rfd1 Rb7 27. Rd8 Qf6 28. Rxf8+ Kxf8 29. Bd6+ Kg8 30. Be5 1-0

[Event "American Continental"]
[Site "Buenos Aires ARG"]
[Date "2005.08.06"]
[Round "1"]
[White "Morinongeli,M"]
[Black "Uribe,M"]
[Result "1/2-1/2"]
[WhiteElo "2119"]
[BlackElo "2373"]
[EventDate "2005.08.06"]

1. Nf3 Nf6 2. c4 e6 3. g3 d5 4. d4 dxc4 5. Qa4+ Nc6 6. Qxc4 Bb4+ 7. Bd2 Qd5
8. Qd3 e5 9. dxe5 Qxd3 10. exd3 Bg4 11. exf6 Bxf3 12. fxg7 Rg8 13. Rg1
O-O-O 14. Bc3 Rde8+ 15. Kd2 Bc5 16. Bh3+ Kb8 17. Re1 Nd4 18. Na3 Rxe1 19.
Rxe1 Bc6 20. Bxd4 Bxd4 21. Nc4 Bxg7 22. Re7 Bd5 23. Rd7 c6 24. Nd6 b6 25.
b3 Bd4 26. Ne4 h5 27. Nc3 Bxf2 28. Nxd5 cxd5 29. Rxf7 Bg1 30. Bg2 Bxh2 31.
Bxd5 Rg5 32. Be4 Bxg3 33. Rb7+ Kc8 34. Rxa7 Bc7 35. Ra8+ Bb8 36. Ra4 Bf4+
37. Ke2 Rc5 38. Rc4 h4 39. Rxc5+ bxc5 40. Bg2 Kc7 41. Kf3 Bg3 42. Ke4 Bf2
43. Kd5 Kb6 44. Kc4 Ka5 45. a3 Be3 46. b4+ cxb4 47. axb4+ Kb6 48. d4 Bd2
49. Bf1 Be1 50. Bg2 Bd2 1/2-1/2

[Event "American Continental"]
[Site "Buenos Aires ARG"]
[Date "2005.08.06"]
[Round "1"]
[White "Amura,C"]
[Black "Varela,D"]
[Result "1/2-1/2"]
[WhiteElo "2372"]
[BlackElo "2113"]
[EventDate "2005.08.06"]

1. d4 d5 2. c4 e6 3. Nc3 Nf6 4. cxd5 exd5 5. Bg5 Be7 6. e3 c6 7. Qc2 Nbd7
8. Bd3 O-O 9. Nge2 Re8 10. O-O Nf8 11. f3 a5 12. Rad1 b5 13. a4 b4 14. Nb1
Qb6 15. Nd2 Ba6 16. Nb3 Bxd3 17. Rxd3 Ne6 18. Bxf6 Bxf6 19. Rc1 Rac8 20.
Nc5 Nxc5 21. Qxc5 Qa6 22. Rcd1 Be7 23. Qc1 Bd6 24. Qd2 Qb7 25. Nc1 Re6 26.
Nb3 Qc7 27. f4 Rce8 28. Rf1 1/2-1/2

[Event "American Continental"]
[Site "Buenos Aires ARG"]
[Date "2005.08.06"]
[Round "1"]
[White "Negri,Sa"]
[Black "Blanco Fernandez,A"]
[Result "0-1"]
[WhiteElo "2104"]
[BlackElo "2367"]
[EventDate "2005.08.06"]

1. d4 d5 2. c4 e6 3. Nc3 c6 4. Nf3 dxc4 5. g3 b5 6. Bg2 Bb7 7. O-O Nd7 8.
e4 b4 9. Na4 Ngf6 10. e5 Nd5 11. Ng5 Be7 12. Qh5 g6 13. Qh6 Bf8 14. Qh3 Qa5
15. b3 c3 16. a3 bxa3 17. Rxa3 Qb4 18. Ra1 Qxd4 19. Nxe6 fxe6 20. Qxe6+ Kd8
21. Bh3 Nc7 22. Bg5+ Kc8 23. Qf7 Qd5 24. e6 Qxg5 25. exd7+ Kd8 26. Rfe1 Be7
27. f4 Qf6 28. Rxe7 Qxe7 29. Qxe7+ Kxe7 30. Re1+ Kf7 31. Nc5 Rab8 32. Ne4
c5 33. Nd6+ Kf6 34. g4 h6 35. g5+ hxg5 36. fxg5+ Kxg5 37. Re5+ Kf6 38. Rxc5
Ke7 39. Nc8+ Kd8 40. Nd6 Rxh3 0-1

[Event "American Continental"]
[Site "Buenos Aires ARG"]
[Date "2005.08.06"]
[Round "1"]
[White "Disconzi da Silva,R"]
[Black "Echeguren,G"]
[Result "1-0"]
[WhiteElo "2367"]
[BlackElo "2094"]
[EventDate "2005.08.06"]

1. d4 Nf6 2. c4 g6 3. Nc3 Bg7 4. e4 d6 5. f3 O-O 6. Bg5 Nc6 7. Nge2 a6 8.
Qd2 Rb8 9. h4 h5 10. Nd5 e6 11. Ne3 Qd7 12. g4 hxg4 13. Nxg4 Nxg4 14. fxg4
e5 15. d5 Nd4 16. Nxd4 exd4 17. O-O-O Qa4 18. Bd3 Qxa2 19. h5 Qa1+ 20. Kc2
Qa4+ 21. Kb1 Bxg4 22. Rdg1 Qd7 23. Bh6 f5 24. Bxg7 Kxg7 25. hxg6 Rh8 26.
exf5 Bxf5 27. Rh7+ Rxh7 28. gxh7+ Kh8 29. Rg8+ Rxg8 30. hxg8=Q+ Kxg8 31.
Qg5+ Qg7 32. Qd8+ Qf8 33. Qxf8+ Kxf8 34. Bxf5 c5 35. Bc8 b5 36. Bxa6 b4 37.
Kc2 Ke7 38. Kd3 Kf6 39. Ke4 Kg6 40. Bc8 Kg5 41. Bd7 Kg6 42. Kf4 Kf6 43. Bf5
1-0

[Event "American Continental"]
[Site "Buenos Aires ARG"]
[Date "2005.08.06"]
[Round "1"]
[White "Guerrero,Alv"]
[Black "Lawson,E"]
[Result "1/2-1/2"]
[WhiteElo "2092"]
[BlackElo "2367"]
[EventDate "2005.08.06"]

1. d4 Nf6 2. Nf3 b6 3. g3 Bb7 4. Bg2 e6 5. O-O Be7 6. b3 O-O 7. Ba3 d6 8.
c4 c5 9. Nc3 Ne4 10. Rc1 Nxc3 11. Rxc3 Qc7 12. Rd3 Nd7 13. Qa1 a6 14. Rc1
Rac8 15. Bb2 Nf6 16. Rcd1 Rfd8 17. d5 exd5 18. cxd5 b5 19. Bh3 Rb8 20. e4
Nxe4 21. Bxg7 Bc8 22. Re3 Bxh3 23. Rxe4 Bf5 24. Rxe7 Qxe7 25. Re1 Be4 26.
Bf6 Qd7 27. Rxe4 Re8 28. Qc1 Qf5 29. Rf4 Qh5 30. h3 Re2 31. Kg2 Kf8 32. Qd1
Rbe8 33. Qd3 Qg6 34. Qxg6 fxg6 35. a3 R8e4 36. Rxe4 Rxe4 37. Ng5 Re2 38.
Nxh7+ Kf7 39. Bd8 c4 40. bxc4 bxc4 41. Ng5+ Ke8 42. Ba5 Re5 43. Ne6 Kd7 44.
Nf8+ Ke8 45. Ne6 Kf7 46. Nd4 Rxd5 47. Bc3 Re5 48. Kf3 d5 49. Kf4 Re4+ 50.
Kg5 Re5+ 51. Kf4 Re4+ 1/2-1/2

[Event "American Continental"]
[Site "Buenos Aires ARG"]
[Date "2005.08.06"]
[Round "1"]
[White "Scarella,E"]
[Black "Alaluf,A"]
[Result "1-0"]
[WhiteElo "2367"]
[BlackElo "2091"]
[EventDate "2005.08.06"]

1. d4 Nf6 2. Nf3 c5 3. d5 d6 4. Nc3 g6 5. e4 Bg7 6. a4 O-O 7. Bc4 Bg4 8. h3
Bxf3 9. Qxf3 Nbd7 10. Qe2 a6 11. O-O Nh5 12. Ra3 Qc7 13. Re1 Bd4 14. Nd1
Be5 15. g3 Nb6 16. Ne3 Qd7 17. a5 Nxc4 18. Nxc4 Qxh3 19. Nxe5 dxe5 20. g4
Qh4 21. gxh5 Kh8 22. Rg3 gxh5 23. Bg5 1-0

[Event "American Continental"]
[Site "Buenos Aires ARG"]
[Date "2005.08.06"]
[Round "1"]
[White "Benko,F"]
[Black "Echavarria,J"]
[Result "0-1"]
[WhiteElo "2090"]
[BlackElo "2362"]
[EventDate "2005.08.06"]

1. d4 d5 2. Nc3 Nf6 3. Bg5 c5 4. e3 cxd4 5. exd4 Bg4 6. Be2 Bxe2 7. Ngxe2
e6 8. Qd3 Nc6 9. O-O Bd6 10. Bf4 O-O 11. Bxd6 Qxd6 12. Rad1 Rfc8 13. f4 Ne7
14. Ng3 g6 15. a3 a6 16. Nb1 Qb6 17. b3 Rc7 18. c4 dxc4 19. bxc4 Rd8 20.
Kh1 Rcd7 21. Nc3 Qxd4 22. Qf3 Qxc4 23. Rxd7 Rxd7 24. Nce4 Nxe4 25. Nxe4 Kg7
26. g4 Rd3 27. Qg2 Qd5 28. Re1 Rd1 29. Rxd1 Qxd1+ 30. Qg1 Qf3+ 31. Qg2 Qxf4
32. Qb2+ e5 33. Ng3 Qf3+ 34. Kg1 Qe3+ 35. Kg2 Nd5 36. Qxb7 Nf4+ 37. Kf1
Qc1+ 38. Kf2 Qd2+ 39. Kg1 Nh3+ 40. Kh1 Nf2+ 41. Kg2 Nxg4+ 42. Kh3 Nf2+ 43.
Kg2 Ne4+ 44. Kh3 Ng5+ 0-1

[Event "American Continental"]
[Site "Buenos Aires ARG"]
[Date "2005.08.06"]
[Round "1"]
[White "Zapata,Marc"]
[Black "Leeuw,P"]
[Result "1-0"]
[WhiteElo "2353"]
[BlackElo "2088"]
[EventDate "2005.08.06"]

1. e4 e6 2. d3 d5 3. Nd2 Nf6 4. Ngf3 Be7 5. g3 c5 6. Bg2 dxe4 7. dxe4 Nc6
8. O-O O-O 9. Qe2 e5 10. Nc4 Qc7 11. c3 Rb8 12. Ncxe5 Nd8 13. Nc4 Ne6 14.
Ng5 Nd7 15. Nxe6 fxe6 16. Bh3 Qc6 17. Bf4 Ra8 18. Rad1 Nf6 19. Bd6 Bxd6 20.
Nxd6 e5 21. Nxc8 Raxc8 22. Bxc8 Qxc8 23. f4 exf4 24. Qc4+ Kh8 25. Rxf4 Re8
26. Rdf1 h6 27. Qf7 Rf8 28. Qe7 Re8 29. Qf7 Rf8 30. Qg6 Qe6 31. b3 Qe5 32.
R4f3 c4 33. b4 Qe6 34. Qf5 Qe7 35. Qc5 Qxc5+ 36. bxc5 Rc8 37. e5 Nd5 38.
Rf8+ Rxf8 39. Rxf8+ Kh7 40. Rd8 Nc7 41. Rd6 Kg8 42. e6 1-0

[Event "American Continental"]
[Site "Buenos Aires ARG"]
[Date "2005.08.06"]
[Round "1"]
[White "Barros,R"]
[Black "Toloza,P"]
[Result "0-1"]
[WhiteElo "2080"]
[BlackElo "2349"]
[EventDate "2005.08.06"]

1. d4 Nf6 2. c4 c5 3. d5 b5 4. cxb5 a6 5. e3 Bb7 6. Nc3 g6 7. Nf3 Bg7 8. a4
O-O 9. Be2 e6 10. e4 exd5 11. exd5 axb5 12. Bxb5 Re8+ 13. Be2 Ne4 14. Nxe4
Rxe4 15. O-O Rb4 16. Ra2 Qb6 17. a5 Rxa5 18. Rxa5 Qxa5 19. Bd2 Bxb2 20. Bc4
Qa4 21. Bxb4 Qxd1 22. Rxd1 cxb4 23. Nd2 f5 24. Nb3 Ba6 25. Bxa6 Nxa6 26.
Rb1 Bc3 27. Kf1 Kf7 28. Nc1 Nc7 29. Ke2 Nxd5 30. g3 Bd4 31. Na2 Bc5 32. Kd3
Ke6 33. Kc4 Bxf2 34. Rb2 Be3 35. Re2 Kd6 36. Nxb4 Nxb4 37. Kxb4 f4 38. gxf4
Bxf4 39. Kc4 Be5 40. Rf2 Ke6 41. Kd3 g5 42. Ke4 g4 43. Rd2 d6 44. Rg2 h5
45. Rf2 h4 46. Rg2 d5+ 47. Ke3 Kf5 48. Rf2+ Kg5 49. Rg2 h3 50. Rf2 Kh4 51.
Rd2 Bxh2 52. Rxh2 Kg3 53. Rd2 h2 54. Rd1 d4+ 55. Kxd4 Kf3 56. Rd3+ Kf4 57.
Rd1 g3 58. Rf1+ Kg4 59. Ke3 g2 0-1